000 01379nac a22004330a 4500
001 PT25296
003 AR-LpoUNG
005 20210201005153.0
008 201001s2004||||ag |||||||||||||||||spa d
020 _a9508021918
_c$146,4
040 _aAR-LpoUNG
_bspa
_eaacr
041 _aspa
044 _aag
082 0 _a982.067 769pol
100 1 _aGrassi, Estela
245 1 0 _aPolítica y cultura en la sociedad neoliberal :
_bla otra década infame (II)
250 _a1ra. ed.
260 _aBuenos Aires :
_bEspacio,
_c2004.
300 _a244 p. :
_btbls.
_3impreso
520 _aCompleta el tomo I referido a las políticas y los problemas sociales de la década de 1990, atendiendo ahora al discurrir de la vida pública y a los hechos y acontecimientos que hilvanaron aquella construcción y expresaron el espíritu de una época signada por la euforia y la pobreza, simultáneamente.
650 4 _aANALISIS HISTORICO
650 4 _aARGENTINA
650 4 _aCULTURA
650 4 _aDESEMPLEO
650 4 _aESTADO
650 4 _aHISTORIA
650 4 _aHISTORIA SOCIAL
650 4 _aLIBERALISMO
650 4 _aMOVILIZACION SOCIAL
650 4 _aPOBREZA
650 4 _aPROBLEMAS SOCIALES
650 4 _aSINDICATOS
651 4 _aArgentina
653 _aMAES
653 _aMENEM, CARLOS SAUL
653 _aPERONISMO
905 _a25296
942 _cLSALA
999 _c48671
_d48671